000 00239nam a22001097a 4500
008 210707s2016 xx 000 0 und d
041 _aeng
082 _a052 RAKN
245 _aRakno
260 _bRakno Prakashan.
_c2016
906 _aRaknno
999 _c179905
_d179905